000
00204 a2200109 4500
020
_a
9788415803157
041
_a
spa
100
_a
David Mark
245
_a
El oscuro invierno
942
_c
BK
952
_7
1
999
_c
24267
_d
24267